Monetary and fiscal policy in a two-sector agregative model (Registro nro. 28047)

Detalles MARC
000 -LEADER
fixed length control field 00389 a2200121 4500
001 - CONTROL NUMBER
control field ART_45209
005 - DATE AND TIME OF LATEST TRANSACTION
control field 20260410161925.0
008 - FIXED-LENGTH DATA ELEMENTS--GENERAL INFORMATION
fixed length control field 260409a
100 1# - MAIN ENTRY--PERSONAL NAME
Personal name Henderson, Dale W.
245 10 - TITLE STATEMENT
Title Monetary and fiscal policy in a two-sector agregative model
700 1# - ADDED ENTRY--PERSONAL NAME
Personal name Sargent, Thomas J.
773 0# - HOST ITEM ENTRY
Title The American Economic Review
Related parts - Vol. 63,Nº 3 (jun. 1973)
Record control number REV16190

No hay ítems disponibles.